| 000 | 00923pam a2200253 a 4500 | ||
|---|---|---|---|
| 001 | 4397 | ||
| 005 | 20240820082417.0 | ||
| 020 | _a059960717 | ||
| 040 |
_aDLC _cDLC _dDLC _beng |
||
| 050 | 0 | 0 |
_aPZ8.1.D564 _b1999 |
| 082 | 0 | 0 | _a398.2 |
| 100 | 1 | _aDiakité, Baba Wagué | |
| 245 | 1 | 4 |
_aThe hatseller and the monkeys : _ba West African folktale / _cretold and illustrated by Baba Wagué Diakité |
| 250 | _aFirst Scholastic printing , January 2000 | ||
| 260 |
_aNew York : _bScholastic ; _c1999 . |
||
| 300 |
_a28 unnumbered pages : _bcolor illustrations ; _c24 cm . |
||
| 505 | _aZ | ||
| 520 | _aAn African version of the familiar story of a man who sets off to sell his hats, only to have them stolen by a treeful of mischievous monkeys. | ||
| 521 |
_a910
_bLexile AD |
||
| 521 |
_aZ
_bRaz-Plus |
||
| 650 | 1 |
_aFolklore _zMali. |
|
| 906 |
_a7 _bcbc _corignew _d1 _eocip _f19 _gy-gencatlg |
||
| 942 |
_2ddc _cBK _n0 |
||
| 999 |
_c4397 _d4397 |
||